|
|
|
|
| LEADER |
00000cam a2200000 7i4500 |
| 001 |
0000006846 |
| 002 |
000007375 |
| 005 |
20000330.0 |
| 020 |
|
|
|a 9836250670
|
| 090 |
0 |
0 |
|a F
|b OTH
|
| 100 |
0 |
|
|a Othman Puteh
|
| 245 |
1 |
0 |
|a Melewati malam
|c Othman Puteh
|
| 260 |
|
|
|a Kuala Lumpur :
|b DBP ,
|c 1995
|
| 300 |
|
|
|a 103 p. ;
|c 19 cm.
|
| 490 |
0 |
|
|a Sastera remaja
|
| 650 |
0 |
0 |
|a General fiction, Malay
|
| 999 |
|
|
|a 051392
|b BUKU
|c PINJAMAN
|e PERPUSTAKAAN KOMUNITI CAW KOTA DAMANSARA
|
| 999 |
|
|
|a 051393
|b BUKU
|c PINJAMAN
|e PERPUSTAKAAN KOMUNITI PETALING JAYA
|
| 999 |
|
|
|a 053984
|b BUKU
|c FICTION
|e PERPUSTAKAAN KOMUNITI CAW KOTA DAMANSARA
|